Year book of pulp and paper stastistics

Gorde:
Xehetasun bibliografikoak
Formatua: Liburua
Hizkuntza:Undetermined
Argitaratua: Tokyo Ministry of International Trade and Industry 1978
Gaiak:
Etiketak: Etiketa erantsi
Etiketarik gabe, Izan zaitez lehena erregistro honi etiketa jartzen!
Thư viện lưu trữ: Trung tâm Học liệu Trường Đại học Cần Thơ
LEADER 00449nam a2200157Ia 4500
001 CTU_99423
008 210402s9999 xx 000 0 und d
082 |a 338.4 
082 |b Y39/No.53 
245 0 |a Year book of pulp and paper stastistics 
260 |a Tokyo 
260 |b Ministry of International Trade and Industry 
260 |c 1978 
650 |a Paper industry 
904 |i Tuyến 
980 |a Trung tâm Học liệu Trường Đại học Cần Thơ